[Event "Helmond Rapid op"]
[Site "Helmond"]
[Date "2023.06.10"]
[Round "8"]
[White "Baselmans, Sam"]
[Black "Kools, Thomas"]
[Result "1/2-1/2"]
[WhiteElo "2220"]
[BlackElo "2112"]
[PlyCount "71"]
[EventDate "2023.06.10"]
[EventType "swiss (rapid)"]
[EventRounds "9"]
[EventCountry "NED"]
[SourceTitle "CBM 214 Extra"]
[Source "ChessBase"]
[SourceDate "2023.07.31"]
[SourceVersion "1"]
[SourceVersionDate "2023.07.31"]
[SourceQuality "1"]

1. e4 c5 2. Be2 e6 3. d3 d5 4. f4 Nc6 5. Nf3 Nge7 6. 0-0 g6 7. c3 Bg7 8. Qe1 Qb6 9. Kh1 Bd7 10. Na3 a6 11. Rb1 Qc7 12. Be3 b6 13. e5 Na7 14. b4 Nb5 15. Nxb5 Bxb5 16. bxc5 bxc5 17. c4 dxc4 18. dxc4 Bd7 19. Qf2 Rc8 20. Ng5 Nf5 21. Ne4 Nxe3 22. Qxe3 0-0 23. Rfd1 Bc6 24. Rd2 Bxe4 25. Qxe4 Rfd8 26. Rbd1 Rxd2 27. Rxd2 Qa5 28. Qd3 Rb8 29. g3 Bf8 30. Bf3 Be7 31. Qc2 Qa3 32. Kg2 Qe3 33. Re2 Qd4 34. Rd2 Qe3 35. Re2 Qd4 36. Rd2 1/2-1/2

[Event "Helmond Rapid op"]
[Site "Helmond"]
[Date "2023.06.10"]
[Round "6"]
[White "Hollands, Maxim"]
[Black "Kools, Thomas"]
[Result "0-1"]
[WhiteElo "1684"]
[BlackElo "2112"]
[PlyCount "80"]
[EventDate "2023.06.10"]
[EventType "swiss (rapid)"]
[EventRounds "9"]
[EventCountry "NED"]
[SourceTitle "CBM 214 Extra"]
[Source "ChessBase"]
[SourceDate "2023.07.31"]
[SourceVersion "1"]
[SourceVersionDate "2023.07.31"]
[SourceQuality "1"]

1. d4 d5 2. c4 e6 3. Nf3 Nf6 4. Bg5 c6 5. e3 Be7 6. Nc3 0-0 7. Rc1 Nbd7 8. Bd3 dxc4 9. Bxc4 b5 10. Bd3 Bb7 11. Bxf6 Nxf6 12. Ne4 Qa5+ 13. Kf1 Qxa2 14. Qc2 Nxe4 15. Bxe4 h6 16. Ne5 Rac8 17. Ke2 Qa4 18. b3 Qb4 19. Nd3 Qd6 20. Nc5 Ba8 21. f4 Qc7 22. g4 Bxc5 23. Qxc5 Qb6 24. Qh5 c5 25. Bxa8 Rxa8 26. g5 cxd4 27. gxh6 d3+ 28. Kf2 g6 29. h7+ Kh8 30. Qh4 Qd8 31. Qg4 Rc8 32. Rcd1 Rc2+ 33. Kf3 Qd5+ 34. e4 Qd4 35. Qh4 Rc3 36. Rd2 Rc2 37. Rhd1 Rfc8 38. Rxd3 R2c3 39. Ke2 Rxd3 40. Rxd3 Rc2+ 0-1

[Event "Helmond Rapid op"]
[Site "Helmond"]
[Date "2023.06.10"]
[Round "3"]
[White "Kools, Thomas"]
[Black "Bhawsar, Ashwath"]
[Result "0-1"]
[WhiteElo "2112"]
[BlackElo "1567"]
[PlyCount "94"]
[EventDate "2023.06.10"]
[EventType "swiss (rapid)"]
[EventRounds "9"]
[EventCountry "NED"]
[SourceTitle "CBM 214 Extra"]
[Source "ChessBase"]
[SourceDate "2023.07.31"]
[SourceVersion "1"]
[SourceVersionDate "2023.07.31"]
[SourceQuality "1"]

1. e4 c5 2. Nc3 d6 3. g3 g6 4. Bg2 Bg7 5. d3 Nf6 6. f4 Nc6 7. Nf3 Bg4 8. h3 Bxf3 9. Qxf3 a6 10. 0-0 Nd7 11. Be3 Nd4 12. Qf2 0-0 13. Nd1 Rb8 14. c3 Nc6 15. g4 Qc7 16. Qf3 Rbc8 17. Rc1 b5 18. Rc2 a5 19. g5 b4 20. h4 a4 21. Bh3 e6 22. h5 a3 23. bxa3 bxc3 24. hxg6 hxg6 25. Rh2 Nd4 26. Qg2 c2 27. Nf2 Rb8 28. Ng4 Rb1 29. Nh6+ Bxh6 30. gxh6 Rfb8 31. Bc1 Rxc1 32. Rxc1 Rb1 33. Qxc2 Nxc2 34. Rxb1 Nd4 35. Bg4 Kh7 36. a4 Nf6 37. Bd1 Qa7 38. Kf1 c4 39. e5 Nd5 40. exd6 Ne3+ 41. Kg1 Nxd1 42. Rxd1 Nf3+ 43. Kg2 Nxh2 44. dxc4 Ng4 45. d7 Qf2+ 46. Kh3 Qf3+ 47. Kh4 Qxd1 0-1

[Event "Vlissingen HZ op 24th"]
[Site "Vlissingen"]
[Date "2022.08.10"]
[Round "6"]
[White "Kools, Thomas"]
[Black "Bazilius, Augustinas"]
[Result "1/2-1/2"]
[WhiteElo "2135"]
[BlackElo "2045"]
[PlyCount "73"]
[EventDate "2022.08.06"]
[EventType "swiss"]
[EventRounds "9"]
[EventCountry "NED"]
[SourceTitle "CBM 209 Extra"]
[Source "ChessBase"]
[SourceDate "2022.09.30"]
[SourceVersion "1"]
[SourceVersionDate "2022.09.30"]
[SourceQuality "1"]

1. e4 c5 2. Nc3 a6 3. g3 b5 4. Bg2 Bb7 5. d3 e6 6. Nh3 Nf6 7. 0-0 d6 8. f4 Be7 9. f5 e5 10. Nd5 Nxd5 11. exd5 h6 12. Qg4 Bf6 13. Bd2 Nd7 14. Rae1 Qb6 15. Kh1 a5 16. Nf2 0-0-0 17. c4 b4 18. b3 Kc7 19. Ra1 Rhg8 20. Ne4 Be7 21. a3 Nf6 22. Nxf6 Bxf6 23. Be4 Kd7 24. Kg2 Ra8 25. Qh5 Ke7 26. axb4 axb4 27. Rxa8 Rxa8 28. h4 Rh8 29. g4 Qd8 30. Ra1 Bc8 31. Be3 Bd7 32. Ra7 Qe8 33. Kg3 Qf8 34. Ra6 Qc8 35. Ra7 Qf8 36. Ra6 Qc8 37. Ra7 1/2-1/2

[Event "Vlissingen HZ op 24th"]
[Site "Vlissingen"]
[Date "2022.08.07"]
[Round "3"]
[White "Van Gemert, Rogier"]
[Black "Kools, Thomas"]
[Result "0-1"]
[WhiteElo "1918"]
[BlackElo "2135"]
[PlyCount "54"]
[EventDate "2022.08.06"]
[EventType "swiss"]
[EventRounds "9"]
[EventCountry "NED"]
[SourceTitle "CBM 209 Extra"]
[Source "ChessBase"]
[SourceDate "2022.09.30"]
[SourceVersion "1"]
[SourceVersionDate "2022.09.30"]
[SourceQuality "1"]

1. Nf3 d5 2. d4 Nf6 3. Bf4 c5 4. c3 Nc6 5. e3 Qb6 6. Qc1 Bf5 7. Nh4 Bd7 8. Bd3 Nh5 9. Bg3 Nxg3 10. hxg3 e5 11. dxe5 Nxe5 12. Bc2 Bb5 13. Nf3 Nxf3+ 14. gxf3 0-0-0 15. Na3 d4 16. Bf5+ Kb8 17. exd4 cxd4 18. c4 Bc6 19. 0-0 h5 20. Rb1 h4 21. Bd3 Bd6 22. b4 Qc7 23. f4 hxg3 24. fxg3 Rh1+ 25. Kf2 Rh2+ 26. Ke1 Bxb4+ 27. Rxb4 Qe7+ 0-1

[Event "FIDE World Uni Rapid-B 1st"]
[Site "Tornelo INT"]
[Date "2021.03.21"]
[Round "11"]
[White "Uuriintuya, Uurtsaikh"]
[Black "Kools, Thomas"]
[Result "1-0"]
[WhiteElo "2288"]
[BlackElo "2103"]
[PlyCount "61"]
[EventDate "2021.03.20"]
[EventType "swiss (rapid)"]
[EventRounds "12"]
[EventCountry "NET"]
[SourceTitle "CBM 201 Extra"]
[Source "ChessBase"]
[SourceDate "2021.05.31"]
[SourceVersion "1"]
[SourceVersionDate "2021.05.31"]
[SourceQuality "1"]

1. e4 c5 2. Nf3 e6 3. d4 cxd4 4. Nxd4 a6 5. Nc3 Qc7 6. Be2 b5 7. 0-0 Bb7 8. Re1 Nc6 9. Bf3 Bb4 10. a4 bxa4 11. Rxa4 Bxc3 12. bxc3 Nge7 13. Ba3 d6 14. Nxc6 Qxc6 15. Rd4 0-0 16. Rxd6 Qa4 17. Qc1 Rfe8 18. Rd4 Qb5 19. Rb4 Qd7 20. Rd1 Qc8 21. Rbd4 Bc6 22. Qg5 Ng6 23. h4 h6 24. Qg3 Kh7 25. h5 Nf8 26. e5 Qb7 27. Rb4 Qc7 28. Rc4 Qa5 29. Bb4 Bxf3 30. Bxa5 Bxd1 31. Qd3+ 1-0

[Event "FIDE World Uni Blitz-A 1st"]
[Site "Tornelo INT"]
[Date "2021.03.13"]
[Round "6.32"]
[White "Kools, Thomas"]
[Black "Belov, Aleksey"]
[Result "1-0"]
[WhiteElo "2103"]
[BlackElo "1749"]
[PlyCount "93"]
[EventDate "2021.03.13"]
[EventType "swiss (blitz)"]
[EventRounds "10"]
[EventCountry "NET"]
[SourceTitle "EXT 2022"]
[Source "ChessBase"]
[SourceDate "2021.10.06"]
[SourceVersion "1"]
[SourceVersionDate "2021.10.06"]
[SourceQuality "1"]

1. e4 c5 2. Nc3 g6 3. g3 Bg7 4. Bg2 Nc6 5. d3 e6 6. f4 Nge7 7. Be3 d6 8. Nf3 0-0 9. 0-0 Nd4 10. e5 dxe5 11. fxe5 Nef5 12. Bf2 Nxf3+ 13. Qxf3 Nd4 14. Qd1 Bxe5 15. Ne4 Qe7 16. c3 Nf5 17. Bxc5 Qd8 18. Bxf8 Ne3 19. Qe2 Nxf1 20. Bc5 Nxg3 21. Nxg3 Qc7 22. Bf2 Bd7 23. d4 Bg7 24. Rf1 Rb8 25. Ne4 Qa5 26. Bg3 Rd8 27. a3 h6 28. Qf2 f5 29. Nc5 Bc8 30. Re1 Qb6 31. Be5 Bf8 32. Nd3 Bd7 33. Qd2 g5 34. h4 Be7 35. hxg5 hxg5 36. Qe2 g4 37. Qe3 Kf7 38. Qh6 Rg8 39. Qh7+ Kf8 40. Nf4 Be8 41. Nxe6+ Qxe6 42. Bg7+ Rxg7 43. Qxg7+ Kxg7 44. Rxe6 Kf7 45. Re5 Kf6 46. Bxb7 Bb5 47. Rxb5 1-0

[Event "FIDE World Uni Blitz-A 1st"]
[Site "Tornelo INT"]
[Date "2021.03.13"]
[Round "4.13"]
[White "Kools, Thomas"]
[Black "Burri, Quentin"]
[Result "0-1"]
[WhiteElo "2103"]
[BlackElo "2415"]
[PlyCount "122"]
[EventDate "2021.03.13"]
[EventType "swiss (blitz)"]
[EventRounds "10"]
[EventCountry "NET"]
[SourceTitle "EXT 2022"]
[Source "ChessBase"]
[SourceDate "2021.10.06"]
[SourceVersion "1"]
[SourceVersionDate "2021.10.06"]
[SourceQuality "1"]

1. e4 c6 2. Nc3 g6 3. d4 d5 4. e5 h5 5. h3 Bh6 6. f4 Bf8 7. Nf3 e6 8. Be3 h4 9. Bd3 Nh6 10. Bf2 Be7 11. Qd2 Nf5 12. Ne2 b5 13. 0-0-0 Nd7 14. g4 hxg3 15. Nxg3 Ng7 16. Be2 Nb6 17. Kb1 Nc4 18. Qc1 Bd7 19. h4 Qb6 20. Ng5 Bxg5 21. fxg5 0-0-0 22. Qf4 Nf5 23. Nxf5 exf5 24. h5 Be6 25. hxg6 fxg6 26. Rh6 Rhg8 27. Rdh1 Qb7 28. Bh5 Qf7 29. Be2 Rd7 30. Bxc4 bxc4 31. R1h3 Rb7 32. Be3 Qe7 33. Bc1 Kb8 34. Rh8 Qf8 35. Rxg8 Qxg8 36. Rh6 a6 37. Qh2 Ka7 38. Rh8 Qf7 39. Qh6 c3 40. b3 a5 41. Rf8 Qg7 42. Qxg7 Rxg7 43. Rf6 Bd7 44. Rd6 Kb7 45. Ba3 Kc7 46. Rf6 Rh7 47. Bd6+ Kb7 48. Ba3 Rh1+ 49. Bc1 Rf1 50. Rxg6 f4 51. Rf6 f3 52. g6 f2 53. g7 Be6 54. Rf8 Ka6 55. Rf6 Kb5 56. a3 a4 57. Rf4 Bg8 58. Rf8 axb3 59. cxb3 Bh7+ 60. Ka2 Rxc1 61. g8Q Bxg8 0-1

[Event "Leiden LCT op-A 11th"]
[Site "Leiden"]
[Date "2017.07.23"]
[Round "9"]
[White "Kools, Thomas"]
[Black "Kristensen, Kaare Hove"]
[Result "0-1"]
[WhiteElo "1806"]
[BlackElo "2348"]
[PlyCount "65"]
[EventDate "2017.07.14"]
[EventType "swiss"]
[EventRounds "9"]
[EventCountry "NED"]
[SourceTitle "EXT 2018"]
[Source "ChessBase"]
[SourceDate "2017.10.13"]
[SourceVersion "1"]
[SourceVersionDate "2017.10.13"]
[SourceQuality "1"]

1. e4 c5 2. Nc3 Nc6 3. g3 g6 4. Bg2 Bg7 5. d3 d6 6. f4 e6 7. Nf3 Nge7 8. 0-0 0-0 9. Be3 b6 10. d4 d5 11. exd5 Nf5 12. Bf2 Ncxd4 13. Ne5 exd5 14. Nxd5 Be6 15. c4 b5 16. b3 bxc4 17. bxc4 Qa5 18. g4 Nd6 19. Bxd4 cxd4 20. Qxd4 Kh8 21. c5 Nb5 22. Qb4 Qxb4 23. Nxb4 Rac8 24. Na6 Nd4 25. Bb7 Ne2+ 26. Kf2 Nxf4 27. Bxc8 Bxc8 28. Nb4 Bxe5 29. Rad1 Bxg4 30. Rde1 Bc3 31. Re4 Bxb4 32. Rxf4 Bxc5+ 33. Kg3 0-1

[Event "Leiden LCT op-A 11th"]
[Site "Leiden"]
[Date "2017.07.16"]
[Round "3"]
[White "Slingerland, Fred"]
[Black "Kools, Thomas"]
[Result "1/2-1/2"]
[WhiteElo "2335"]
[BlackElo "1806"]
[PlyCount "94"]
[EventDate "2017.07.14"]
[EventType "swiss"]
[EventRounds "9"]
[EventCountry "NED"]
[SourceTitle "EXT 2018"]
[Source "ChessBase"]
[SourceDate "2017.10.13"]
[SourceVersion "1"]
[SourceVersionDate "2017.10.13"]
[SourceQuality "1"]

1. e4 c5 2. Nf3 e6 3. d4 cxd4 4. Nxd4 a6 5. Be2 Qc7 6. 0-0 Nf6 7. Nc3 b5 8. Bf3 Bb7 9. e5 b4 10. exf6 bxc3 11. fxg7 Bxg7 12. bxc3 0-0 13. Rb1 Nc6 14. Ba3 Rfc8 15. Bc5 Rab8 16. Bb6 Qf4 17. g3 Qf6 18. Nxc6 Bxc6 19. Bxc6 Rxc6 20. Bd4 Rxb1 21. Qxb1 Qd8 22. Qb4 Qf8 23. Qa5 d5 24. Rb1 Qc8 25. Qb4 h6 26. Bxg7 Kxg7 27. Qd4+ Kh7 28. Rb4 Rxc3 29. Qf6 Rc7 30. Qe5 Rb7 31. Rg4 Qh8 32. Qe2 Qc3 33. Qxa6 Rb1+ 34. Kg2 Qe1 35. Kh3 Qf1+ 36. Qxf1 Rxf1 37. Rf4 Kg6 38. Rf3 Rc1 39. Rc3 f6 40. Kg4 e5 41. h4 h5+ 42. Kf3 Kf5 43. Rc5 d4 44. Rc4 Ra1 45. a4 Ra2 46. Ke2 Ke4 47. Rc6 Kf5 1/2-1/2

[Event "NED-ch U13"]
[Site "Rijswijk"]
[Date "2008.05.03"]
[Round "8"]
[White "Lubbers, Sebastiaan"]
[Black "Kools, Thomas"]
[Result "0-1"]
[WhiteElo "1108"]
[BlackElo "1161"]
[PlyCount "98"]
[EventDate "2008.05.01"]
[EventType "swiss"]
[EventRounds "9"]
[EventCountry "NED"]
[SourceTitle "EXT 2010"]
[Source "ChessBase"]
[SourceDate "2010.11.25"]
[SourceVersion "1"]
[SourceVersionDate "2010.11.25"]
[SourceQuality "1"]

1. d4 d5 2. c4 c6 3. Nc3 Nf6 4. Bf4 Bf5 5. e3 e6 6. c5 b6 7. b4 bxc5 8. bxc5 Qa5 9. Nge2 Ne4 10. Rc1 Nd7 11. f3 Nxc3 12. Nxc3 Be7 13. e4 dxe4 14. fxe4 Bxe4 15. Bd2 Bh4+ 16. Ke2 Bg6 17. g3 Bh5+ 18. Ke1 Bxd1 19. Nxd1 Bxg3+ 20. hxg3 Qxa2 21. Bc4 Qa3 22. Rc3 Qa1 23. Ke2 Qb1 24. Bd3 Qb8 25. Ne3 Qxg3 26. Be1 Qc7 27. Kd1 Rb8 28. Bd2 Qd8 29. Nc4 Qf6 30. Be4 Qxd4 31. Bxc6 Rb1+ 32. Kc2 Rxh1 33. Nd6+ Ke7 34. Bxh1 Qa4+ 35. Rb3 Nxc5 36. Nf5+ exf5 37. Bd5 Qxb3+ 38. Bxb3 Nxb3 39. Kxb3 h5 40. Bg5+ f6 41. Bh4 g5 42. Bf2 h4 43. Bc5+ Ke6 44. Bf2 h3 45. Kc3 h2 46. Kd3 h1Q 47. Ke3 Rh3+ 48. Ke2 Qf3+ 49. Kf1 Rh1# 0-1

[Event "NED-ch U13"]
[Site "Rijswijk"]
[Date "2008.05.02"]
[Round "4"]
[White "Evengroen, Bernard"]
[Black "Kools, Thomas"]
[Result "0-1"]
[WhiteElo "1326"]
[BlackElo "1161"]
[PlyCount "104"]
[EventDate "2008.05.01"]
[EventType "swiss"]
[EventRounds "9"]
[EventCountry "NED"]
[SourceTitle "EXT 2010"]
[Source "ChessBase"]
[SourceDate "2010.11.25"]
[SourceVersion "1"]
[SourceVersionDate "2010.11.25"]
[SourceQuality "1"]

1. e4 e5 2. Nf3 Nc6 3. d4 exd4 4. Nxd4 Nf6 5. Nc3 d5 6. Bg5 Bb4 7. Nxc6 bxc6 8. e5 Qe7 9. Qe2 Be6 10. exf6 gxf6 11. Bd2 Qc5 12. a3 Qa5 13. Ra2 Bxc3 14. Bxc3 Qb6 15. Qa6 Qxa6 16. Bxa6 d4 17. Bxd4 Bxa2 18. b3 Rb8 19. Bc4 a5 20. 0-0 a4 21. Re1+ Kd7 22. Bxf6 Rhe8 23. Rd1+ Kc8 24. Ba6+ Rb7 25. Bxb7+ Kxb7 26. Kf1 axb3 27. cxb3 Bxb3 28. Rb1 Re6 29. Rxb3+ Kc8 30. Bd4 Kd7 31. a4 Re4 32. Rd3 Ke6 33. f3 Rf4 34. Re3+ Kd5 35. Re4 Rxe4 36. fxe4+ Kxd4 37. g4 Kc3 38. h4 c5 39. Ke2 Kb4 40. Kd3 c4+ 41. Kc2 Kxa4 42. g5 Kb5 43. h5 Kc5 44. Kc3 c6 45. h6 Kd6 46. Kxc4 Ke5 47. Kd3 c5 48. Kc4 Kxe4 49. Kxc5 Kf5 50. Kd5 Kxg5 51. Ke5 f5 52. Ke6 f4 0-1